| 000 | 00000nas 2200000za 4500 |
| 001 | 9.859571 |
| 003 | CaOODSP |
| 005 | 20221107160301 |
| 007 | cr ||||||||||| |
| 008 | 180723d19831986oncar p oss f0###a0fre|d |
| 022 | |y0831-733X|y0837-9718 |
| 040 | |aCaOODSP|bfre |
| 041 | |aeng|afre |
| 043 | |an-cn--- |
| 086 | 1 |aCS87-204-PDF |
| 245 | 00|aCulture statistics, film industry, tables |h[ressource électronique] = |bStatistiques de la culture, industrie du film, tableaux. |
| 246 | 11|aStatistiques de la culture, industrie du film, tableaux |
| 246 | 14|aCulture statistics, film industry, preliminary statistics = |bStatistiques de la culture, industrie du film statistiques préliminaires |
| 246 | 13|aStatistiques de la culture, industrie du film statistiques préliminaires |
| 260 | |aOttawa : |bStatistics Canada, Education, Culture and Tourism Division = Statistique Canada, Division de l'éducation de la culture et du tourisme, |c1986-1989. |
| 310 | |aAnnuel |
| 362 | 0 |a1983-1985/86. |
| 500 | |aÉdition numérisée de l’imprimé [par Statistique Canada]. |
| 546 | |aTexte en anglais et en français. |
| 580 | |aSuivi de: Film and video in Canada = Le film et la vidéo au Canada. |
| 692 | 07|2gccst|aIndustrie cinématographique |
| 710 | 1 |aCanada.|bStatistique Canada. |bDivision de l'éducation, de la culture et du tourisme. |
| 785 | 00|tFilm and video in Canada |w(CaOODSP)9.859581 |
| 791 | |tCulture statistics, film industry, tables |eeng|w(CaOODSP)9.859556 |